00730cam a22002293a 45000010005000000030006000050050017000110080041000280400015000690420007000840500007000911000033000982450083001312600029002145060030002435160020002736530030002936530059003236530049003828300028004318560041004599886PGUSA20140828083217.0060201s2006||||xxu|||||s|||||000 p eng d aPGUSAbeng adc 4aPJ1 aAbrahams, Israel,d1858-192514aThe Book of Delight and Other Papersh[electronic resource] /cIsrael Abrahams bProject Gutenberg,c2006 aPublic domain in the USA. aElectronic text aJews -- Intellectual life aJoseph ben Meir ibn Zabara, b. 1140? Sefer sha'ashu'im aLove poetry, Hebrew -- History and criticism 0aProject Gutenbergv988640uhttp://www.gutenberg.org/ebooks/9886